| 000 | 00349nam a2200133Ia 4500 | ||
|---|---|---|---|
| 008 | 191201s2013 xx 000 0 und d | ||
| 082 |
_a658.0954 _bCHB |
||
| 100 | _aCHERUNILAM,Francis | ||
| 245 | 0 | _aBusiness Environment Text and cases | |
| 260 |
_aN.Delhi _bHimalaya Publication House _c2013 |
||
| 300 | _a774 | ||
| 650 | _aBBA | ||
| 942 |
_2ddc _cBK _020 |
||
| 999 |
_c5944 _d5944 |
||